000 00515nam a2200193Ia 4500
003 0100
005 20161215083732.0
008 130303s9999 xx 000 0 und d
040 _cARRUPELIB
050 _aREF. BS192.2.A11964G3 1964
245 _aPsalms III 101-150
260 _aNew york
260 _bDoubleday
300 _alii
300 _b 489p. 24cm.
650 _aBible O.T. Psalm
_xCommentaries
_928062
700 _aMitchell Dahood , S. J. (intr ; tr ; notes)
_928063
942 _2lcc
_cMONOGRAPH
999 _c33976
_d33976